| 000 | 00845nam a2200265 i 4500 | ||
|---|---|---|---|
| 001 | 000027131 | ||
| 003 | DO-SdBNP | ||
| 005 | 20231013105449.0 | ||
| 007 | ta | ||
| 008 | 110329s1991 dr ac 000 | spa d | ||
| 040 |
_aDO-SdBNP _bspa _cBNPHU _erda |
||
| 049 | _aBNPD | ||
| 082 | 4 |
_bC117e _222 |
|
| 100 | 1 |
_aCabrera Febrillet, Felipe Neris, _d1942- _954195 _eautor |
|
| 245 | 1 | 0 |
_aElecciones y fraudes electorales dominicanos : _b1974-1990 / _cFelipe Neris Cabrera Febrillet. |
| 264 |
_aSanto Domingo : _bBabeque, _c1991. |
||
| 300 |
_a269 páginas : _bilustraciones, retratos ; _c20 cm. |
||
| 336 |
_2rdacontent _atexto _btxt |
||
| 337 |
_2rdamedia _asin mediación _bn |
||
| 338 |
_2rdacarrier _avolumen _bnc |
||
| 500 | _aIncluye datos biográficos del autor. | ||
| 590 | _aInventariado, 2023/BT | ||
| 910 | _aBtavárez | ||
| 942 |
_2ddc _cLBS1 |
||
| 999 |
_c26623 _d26623 |
||